| 000 | 00496cam a2200205ua 4500 | ||
|---|---|---|---|
| 001 | 5221 | ||
| 005 | 20260515113841.0 | ||
| 008 | 120303n ii |||gr||||Z||||||eng | ||
| 020 | _a81-7581-153-6 | ||
| 040 | _cMAIN | ||
| 082 | _a881 | ||
| 100 |
_aAristotle, _eAuthor, |
||
| 245 | 1 | 1 |
_aPoetics _cby Aristotle |
| 250 | _a25th. | ||
| 260 |
_aNew Delhi: _bRama brothers, _c2006. |
||
| 300 |
_a155p: _c23cm. |
||
| 653 | _aClassical Greek poetry | ||
| 700 |
_aTilak, Raghukul, _eAuthor, |
||
| 942 | _cBK | ||
| 999 |
_c4399 _d4399 |
||